المعجم المفهرس لالفاظ نهج البلاغة
| Main Authors: | , |
|---|---|
| Format: | Book |
| Published: |
Bayrut
Dar al-Adwa
1986
|
MARC
| LEADER | 00000cam a2200000 7i4500 | ||
|---|---|---|---|
| 001 | 0000000357 | ||
| 008 | 021118s1986 | ||
| 090 | 0 | 0 | |a PJ6620 |b .D8 1986 |
| 100 | 0 | |a دشتي, محمد |e author | |
| 245 | 1 | 2 | |a المعجم المفهرس لالفاظ نهج البلاغة |c كاظم محمدي ومحمد دشتي |
| 260 | 2 | |a Bayrut |b Dar al-Adwa |c 1986 | |
| 300 | |a 1460 p. |c 25 cm | ||
| 700 | 0 | |a محمدي، كاظم |e author | |
| 999 | |a 1000047621 |b Book |c Reference |e Gong Badak Campus | ||